01242cam a22003011 4500001001300000003000400013005001700017008004100034010001700075035002000092040002600112050002400138110003600162245003300198260004800231300004500279490004500324500012500369500019600494650003200690650002700722650002900749650002800778700003600806700002900842830005200871999001700923l 30000206 DLC20260227111533.0840517s1930 dcua f000 0 eng  al 30000206  a(OCoLC)10746151 aDLCcViBlbVdDLCdWaU00aHD6093b.A35 no. 801 aUnited States.bWomen's Bureau.10aWomen in Florida industries. aWashington,bU.S. Govt. Print. Off.,c1930. avi, 115 p.bincl. tables, diagr.c23 cm.1 aBulletin of the Women's Bureau ;vno. 80 aAt head of title: United States Department of labor. James J. Davis, secretary. Women's bureau. Mary Anderson, director. a"The survey was conducted by and under the direction of Ethel L. Best, industrial supervisor, and the report has been written by Mrs. Best and Mary Elizabeth Pidgeon."--Letter of transmittal. 0aWomenxEmploymentzFlorida. 0aWagesxWomenzFlorida. 0aHours of laborzFlorida. 0aAfrican American women.1 aBest, Ethel L.q(Ethel Lombard)1 aPidgeon, Mary Elizabeth. 0aBulletin (United States. Women's Bureau) ;v80. c35996d35996